[Event "ICS rated blitz match"]
[Site "204.178.125.65"]
[Date "2000.02.24"]
[Round "?"]
[White "Hossa"]
[Black "peteleco"]
[Result "1-0"]
[WhiteElo "2421"]
[BlackElo "2064"]
[PlyCount "103"]

1. e4 c5 2. Nf3 Nc6 3. d4 cxd4 4. Nxd4 Nf6 5. Nc3 d6 6. Bc4 Qb6 7. Nb3 e6 8.
Bf4 Ne5 9. Be2 a6 10. O-O Be7 11. Rb1 O-O 12. Be3 Qc7 13. Qd4 b5 14. Rfd1 Bb7
15. Bf4 Rfd8 16. a3 Rac8 17. Ra1 Nc4 18. Bc1 d5 19. exd5 exd5 20. Bf4 Bd6 21.
Bxd6 Rxd6 22. Bxc4 bxc4 23. Nd2 Rcd8 24. Re1 Ne4 25. Rad1 Nxd2 26. Rxd2 h6 27.
Rde2 Qb6 28. Qxb6 Rxb6 29. Na4 Rb5 30. Re7 d4 31. R1e2 d3 32. Rd2 Kh7 33. h4
dxc2 34. Rxc2 Bd5 35. Nc3 Be6 36. Nxb5 axb5 37. Rb7 Rd5 38. Re2 Rc5 39. Kh2 c3
40. bxc3 Rxc3 41. Rxb5 Rxa3 42. Rb8 h5 43. Rd2 Kg6 44. Re8 Ra4 45. g3 Rb4 46.
Kg2 Rb3 47. Rdd8 Rb4 48. Re7 Rb3 49. Rc7 Rb4 50. Rc5 Rb3 51. Rg5+ Kh6 52. Rh8#
1-0

[Event "ICS rated blitz match"]
[Site "204.178.125.65"]
[Date "2000.02.24"]
[Round "?"]
[White "peteleco"]
[Black "Hossa"]
[Result "0-1"]
[WhiteElo "2060"]
[BlackElo "2425"]
[PlyCount "88"]

1. d4 d5 2. c4 c6 3. Nf3 Nf6 4. Nc3 dxc4 5. a4 Bf5 6. e3 e6 7. Bxc4 Bb4 8. O-O
Nbd7 9. Qe2 Bg6 10. Bd3 Bxd3 11. Qxd3 O-O 12. e4 Bxc3 13. bxc3 Nc5 14. Qb1
Ncxe4 15. Qxb7 Nxc3 16. Qxc6 Ne2+ 17. Kh1 Nxd4 18. Nxd4 Qxd4 19. Be3 Qh4 20. h3
Rfb8 21. a5 Qe4 22. Qc7 Rb7 23. Qc1 Rd8 24. a6 Rbd7 25. Qa3 Qh4 26. Rab1 Ne4
27. Rb7 Nd6 28. Rxd7 Rxd7 29. Rd1 Nb5 30. Qc1 Qd8 31. Rxd7 Qxd7 32. Qc5 f6 33.
Qc4 Qd1+ 34. Kh2 Qd6+ 35. g3 Qxa6 36. Qc5 Qb7 37. h4 a5 38. h5 a4 39. h6 a3 40.
hxg7 Kxg7 41. Qc4 Qd5 42. Qg4+ Kf7 43. Qa4 a2 44. Bh6 Qh5+ 0-1

[Event "ICS rated blitz match"]
[Site "204.178.125.65"]
[Date "2000.02.24"]
[Round "?"]
[White "Hossa"]
[Black "Tinker"]
[Result "0-1"]
[WhiteElo "2428"]
[BlackElo "2409"]
[PlyCount "110"]

1. d4 Nf6 2. c4 e6 3. Nc3 d5 4. Nf3 Be7 5. e3 O-O 6. cxd5 exd5 7. Be2 Bg4 8.
Qb3 b6 9. h3 Bc8 10. Bd2 c6 11. O-O-O b5 12. Ne5 Bd6 13. Nd3 a5 14. Qc2 a4 15.
Nb1 Qe7 16. Nc3 a3 17. b3 Ba6 18. Rhe1 b4 19. Na4 Ne4 20. Nb6 Ra7 21. Rf1 Re8
22. Bf3 Qf8 23. Bg4 Bb5 24. Bf5 Rb7 25. Na4 Nd7 26. Rfe1 Bxd3 27. Qxd3 Nxf2 28.
Bxh7+ Kh8 29. Qa6 Rb5 30. Bf5 Ra8 31. Qxa8 Qxa8 32. Bxd7 Qa7 33. Bg4 Nd3+ 34.
Kb1 Nxe1 35. Rxe1 Kg8 36. Rc1 Qc7 37. Bf3 Kf8 38. e4 Bf4 39. Bxf4 Qxf4 40. exd5
cxd5 41. Rd1 Qe3 42. Kc2 Rb8 43. Kb1 Rc8 44. h4 Qf2 45. Rc1 Rxc1+ 46. Kxc1 Qxa2
47. Bxd5 Qa1+ 48. Kc2 a2 49. Nb2 Qb1+ 50. Kd2 a1=Q 51. Ke3 Qg1+ 52. Kf3 Qxd4
53. Be4 Qe1 54. Kg4 Qdxe4+ 55. Kh5 Q1xh4# 0-1

[Event "ICS rated blitz match"]
[Site "204.178.125.65"]
[Date "2000.02.24"]
[Round "?"]
[White "amateur-58"]
[Black "Hossa"]
[Result "0-1"]
[WhiteElo "1869"]
[BlackElo "2411"]
[PlyCount "48"]

1. d4 d5 2. c4 e6 3. Nc3 Nf6 4. Bg5 Be7 5. e3 O-O 6. Nf3 h6 7. Bh4 b6 8. cxd5
Nxd5 9. Bxe7 Qxe7 10. Nxd5 exd5 11. Qb3 Be6 12. Rc1 c5 13. Qa3 Rc8 14. Bb5 a6
15. Ne5 Qb7 16. Be2 cxd4 17. Rxc8+ Qxc8 18. O-O dxe3 19. fxe3 Qc7 20. Nd3 Nd7
21. Nf4 Qc5 22. Nxe6 Qxa3 23. bxa3 fxe6 24. Bg4 Nc5 0-1

[Event "ICS rated blitz match"]
[Site "204.178.125.65"]
[Date "2000.02.24"]
[Round "?"]
[White "Hossa"]
[Black "brutus"]
[Result "1-0"]
[WhiteElo "2412"]
[BlackElo "2095"]
[PlyCount "105"]

1. d4 Nf6 2. c4 c5 3. d5 e6 4. Nc3 exd5 5. cxd5 d6 6. e4 g6 7. Nf3 Bg7 8. h3
O-O 9. Bd3 Re8 10. O-O a6 11. a4 Nbd7 12. a5 Ne5 13. Nxe5 Rxe5 14. Bf4 Re8 15.
Bg5 h6 16. Bh4 Qc7 17. Qd2 Nd7 18. Bc2 g5 19. Bg3 Ne5 20. Qe2 Bd7 21. Rfb1 b5
22. axb6 Qxb6 23. Qf1 Bb5 24. Nxb5 Qxb5 25. Qd1 Reb8 26. Ra2 Qd7 27. Qe2 Rb6
28. b3 Qb7 29. Bxe5 Bxe5 30. Qh5 Kg7 31. Rd1 Rb4 32. Ra3 Bd4 33. h4 f6 34. hxg5
hxg5 35. Qh3 Rh8 36. Qf5 Be5 37. g3 Rb6 38. Bd3 Rxb3 39. Bxa6 Qb6 40. Rxb3 Qxb3
41. Qd7+ Kg6 42. Qg4 Qa4 43. Bf1 Qe8 44. Qf5+ Kg7 45. Rb1 Qe7 46. Ba6 Kh6 47.
Rb7 Qf8 48. Rc7 Qg8 49. Rc8 Qg7 50. Qh3+ Kg6 51. Rxh8 Kf7 52. Qh5+ Ke7 53. Qe8#
1-0

[Event "ICS rated blitz match"]
[Site "204.178.125.65"]
[Date "2000.02.24"]
[Round "?"]
[White "brutus"]
[Black "Hossa"]
[Result "0-1"]
[WhiteElo "2091"]
[BlackElo "2416"]
[PlyCount "218"]

1. e4 e5 2. Nf3 Nc6 3. Bb5 a6 4. Ba4 Nf6 5. Qe2 b5 6. Bb3 Bc5 7. c3 O-O 8. d3
b4 9. Bg5 d6 10. Nbd2 bxc3 11. bxc3 Rb8 12. Nf1 Be6 13. Rb1 Na5 14. c4 Nxb3 15.
Rxb3 Rxb3 16. axb3 Bb4+ 17. N1d2 Bg4 18. h3 Bh5 19. g4 Bg6 20. O-O a5 21. Nh4
c6 22. f4 Qb6+ 23. Kg2 h6 24. Bxf6 gxf6 25. f5 Bh7 26. Nhf3 Ra8 27. Ra1 Rd8 28.
Qf2 Qxf2+ 29. Kxf2 d5 30. Ke3 d4+ 31. Ke2 Rb8 32. Ra4 Kh8 33. Kd1 Kg7 34. Kc2
Kf8 35. Ra1 Ke7 36. Rg1 Kd6 37. Ra1 Bg8 38. Kb2 Bc3+ 39. Kb1 Bxa1 40. Kxa1 Kc5
41. Ka2 Bh7 42. Ne1 Kd6 43. Nc2 Kc7 44. Ka3 Bg8 45. Ka4 Kb6 46. Ka3 Bh7 47. Ka4
Rd8 48. Ka3 Kc5 49. Ka4 Ra8 50. Ka3 Ra7 51. Ka4 Kb6 52. Ka3 Rb7 53. Ka4 Bg8 54.
Ka3 Re7 55. Ne1 Ra7 56. Nef3 Kc5 57. Ng1 Rb7 58. Ne2 Rb4 59. Ng3 Kd6 60. Nh5
Ke7 61. Ng7 Bh7 62. Nh5 Rb7 63. Ng7 Rb8 64. Nh5 Bg8 65. Ng7 Rd8 66. Nh5 Bh7 67.
Ng7 Rd7 68. Nh5 Rc7 69. Ka4 Ra7 70. Ng3 Bg8 71. Nh5 Ra8 72. Ng3 Bh7 73. Nh5 Rh8
74. Ng3 Rb8 75. Nh5 Ra8 76. Ka3 Ra7 77. Ka4 Bg8 78. Ka3 Ra8 79. Ka4 Rb8 80. Ka3
c5 81. Ng3 Rb4 82. Nf3 Ke8 83. Nd2 Kd7 84. Nh5 Ke7 85. Nf3 Bh7 86. Nd2 Rb6 87.
Ng3 Kd6 88. Nf3 Kc7 89. Ne1 Bg8 90. Nc2 Kc6 91. Ka2 Kd6 92. Na3 Rb7 93. Nh5 Ke7
94. Nb5 Bh7 95. Ka3 Rb6 96. Ka4 Ra6 97. Na3 Ra7 98. Nb5 Ra8 99. Ng3 Kd7 100.
Ne2 Kc6 101. Ng3 Ra6 102. Ka3 Bg8 103. Nh5 Kd7 104. Ka4 Bh7 105. Na3 Kc7 106.
Kb5 Rc6 107. Kxa5 Rb6 108. Nb5+ Kb7 109. b4 Ra6# 0-1

[Event "ICS rated blitz match"]
[Site "204.178.125.65"]
[Date "2000.02.24"]
[Round "?"]
[White "Hossa"]
[Black "pepekan"]
[Result "0-1"]
[WhiteElo "2420"]
[BlackElo "2315"]
[PlyCount "128"]

1. d4 f5 2. c4 e6 3. g3 Nf6 4. Bg2 d5 5. cxd5 exd5 6. Nf3 Bd6 7. Nc3 c6 8. O-O
O-O 9. Bg5 Qe8 10. e3 Ne4 11. Qb3 Kh8 12. Bh4 h6 13. Bh3 g5 14. Nxe4 fxe4 15.
Bxc8 Qxc8 16. Nxg5 hxg5 17. Bxg5 Rf7 18. f3 exf3 19. Rf2 Qg4 20. Bf4 Bxf4 21.
exf4 Re7 22. Rxf3 Na6 23. Re3 Rae8 24. Re5 Rxe5 25. dxe5 Nc5 26. Qa3 Ne4 27.
Re1 Rg8 28. Qe3 Qh3 29. e6 Qxe6 30. Qxa7 Qh3 31. Qd4+ Kh7 32. Rxe4 dxe4 33.
Qxe4+ Rg6 34. f5 Rg4 35. Qe8 Qh6 36. Kg2 Rg7 37. Qd8 Rf7 38. h3 Qf6 39. Qxf6
Rxf6 40. h4 Rxf5 41. a3 Rd5 42. b4 Rd3 43. a4 Rb3 44. b5 c5 45. g4 c4 46. Kf2
Rb4 47. Ke3 Rxa4 48. Kd4 Rb4 49. Kc3 Ra4 50. Kd4 Kg6 51. b6 Kf6 52. Kc3 Ke5 53.
h5 Kd5 54. g5 Ra3+ 55. Kb4 Rb3+ 56. Ka5 c3 57. g6 c2 58. Ka4 Rg3 59. g7 Rxg7
60. Kb4 c1=Q 61. h6 Qc5+ 62. Kb3 Rg3+ 63. Kb2 Qf2+ 64. Kc1 Rg1# 0-1

[Event "ICS rated blitz match"]
[Site "204.178.125.65"]
[Date "2000.02.24"]
[Round "?"]
[White "pagoda"]
[Black "Hossa"]
[Result "0-1"]
[WhiteElo "2423"]
[BlackElo "2399"]
[PlyCount "74"]

1. e4 e6 2. d4 Ne7 3. Nc3 d5 4. Nf3 dxe4 5. Nxe4 Nf5 6. Bd3 Nc6 7. c3 Be7 8.
O-O O-O 9. Re1 Bd7 10. Bf4 Qc8 11. Qc2 Be8 12. Rad1 Qd7 13. h3 g6 14. Bh6 Nxh6
15. g4 f5 16. Neg5 Bxg5 17. Nxg5 Bf7 18. Qd2 fxg4 19. Ne4 Kg7 20. Qg5 Qd8 21.
Qf4 gxh3 22. Re3 h2+ 23. Kxh2 Bg8 24. Qg3 Nf5 25. Qh3 Nxe3 26. fxe3 Qd5 27. Rg1
Qxa2 28. Ng5 Qxb2+ 29. Rg2 Qxc3 30. Nxh7 Bxh7 31. Bxg6 Bxg6 32. Qxe6 Rh8+ 33.
Kg3 Rae8 34. Qd7+ Re7 35. Qg4 Rxe3+ 36. Kf4 Qxd4+ 37. Kg5 Qf6# 0-1

[Event "ICS rated blitz match"]
[Site "204.178.125.65"]
[Date "2000.02.24"]
[Round "?"]
[White "Hossa"]
[Black "pagoda"]
[Result "1-0"]
[WhiteElo "2416"]
[BlackElo "2406"]
[PlyCount "63"]

1. e4 e5 2. Nf3 Nc6 3. Bb5 f5 4. d3 Nf6 5. exf5 Bc5 6. Nc3 O-O 7. Be3 Bxe3 8.
fxe3 d5 9. O-O d4 10. exd4 exd4 11. Ne2 Nd5 12. Bc4 Kh8 13. Bxd5 Qxd5 14. g4 g6
15. Qd2 gxf5 16. Qh6 Qg8 17. g5 f4 18. Nh4 Bg4 19. Nxf4 Qg7 20. Nhg6+ Kg8 21.
Nxf8 Qxh6 22. gxh6 Rxf8 23. Nd5 Bf3 24. Nxc7 Ne5 25. Ne6 Rf6 26. Nxd4 Rg6+ 27.
Kf2 Rg2+ 28. Ke3 Bd5 29. Rf5 Ng4+ 30. Kf4 Bf7 31. Rg5+ Bg6 32. h4 1-0

[Event "ICS rated blitz match"]
[Site "204.178.125.65"]
[Date "2000.02.24"]
[Round "?"]
[White "Hossa"]
[Black "cosimo"]
[Result "1-0"]
[WhiteElo "2418"]
[BlackElo "2234"]
[PlyCount "85"]

1. e4 c5 2. Nf3 Nc6 3. d4 cxd4 4. Nxd4 Nf6 5. Nc3 e5 6. Ndb5 d6 7. Bg5 a6 8.
Na3 b5 9. Bxf6 gxf6 10. Nd5 f5 11. Bd3 Be6 12. Qh5 Rg8 13. g3 Rg4 14. f4 exf4
15. Nxf4 Rxf4 16. gxf4 Qa5+ 17. c3 b4 18. Nb1 Bg7 19. e5 dxe5 20. Qxh7 Qd5 21.
O-O Qxd3 22. Qxg7 Qe3+ 23. Rf2 O-O-O 24. Qg3 Rd1+ 25. Kg2 Bd5+ 26. Kh3 Qxg3+
27. hxg3 Be4 28. cxb4 Rxb1 29. Rxb1 Bxb1 30. fxe5 Nxe5 31. a4 Be4 32. b5 axb5
33. axb5 Kb7 34. Rd2 Kb6 35. Rd8 Kxb5 36. Rb8+ Kc4 37. Rc8+ Kb5 38. Rb8+ Kc6
39. b4 Bd5 40. Rc8+ Kb7 41. Rc5 Be6 42. Rxe5 f4+ 43. Rxe6 1-0

[Event "ICS Rated blitz match"]
[Site "204.178.125.65"]
[Date "2000.02.24"]
[Round "?"]
[White "PostModernist"]
[Black "Hossa"]
[Result "1-0"]
[WhiteElo "2484"]
[BlackElo "2426"]
[PlyCount "120"]

1. d4 Nf6 2. c4 e6 3. Nf3 b6 4. g3 Ba6 5. b3 Bb4+ 6. Bd2 Be7 7. Bg2 c6 8. O-O
d5 9. Ne5 Nfd7 10. Nxd7 Nxd7 11. Bc3 O-O 12. Qd3 c5 13. Nd2 cxd4 14. Bxd4 Bc5
15. Rfd1 Qg5 16. e3 Nf6 17. Nf3 Qh6 18. Bxc5 bxc5 19. Ne5 Qh5 20. Nc6 Ng4 21.
h3 Ne5 22. g4 Qg5 23. f4 Nxd3 24. fxg5 Nb4 25. cxd5 exd5 26. Ne7+ Kh8 27. Nxd5
Rad8 28. Nxb4 cxb4 29. Rd4 Rde8 30. Be4 Rb8 31. Rc1 Rbc8 32. Rxc8 Rxc8 33. Rd7
Kg8 34. Bd5 Rf8 35. Rxa7 Bd3 36. Kg2 Bg6 37. Rb7 Bb1 38. Rxb4 Bxa2 39. Be4 Re8
40. Kf3 Kf8 41. Rb7 Re6 42. h4 h6 43. Bd5 Re7 44. gxh6 gxh6 45. Rb6 Rd7 46. Be4
Kg7 47. h5 Rd1 48. g5 hxg5 49. h6+ Kf8 50. Rb8+ Ke7 51. h7 Rh1 52. Kg4 Rh2 53.
Kxg5 f6+ 54. Kg6 Rh3 55. Bc2 Rg3+ 56. Kf5 Rg5+ 57. Kf4 Rh5 58. h8=Q Rxh8 59.
Rxh8 Kd6 60. Ra8 Bxb3 1-0

[Event "ICS rated blitz match"]
[Site "204.178.125.65"]
[Date "2000.02.24"]
[Round "?"]
[White "Hossa"]
[Black "PostModernist"]
[Result "0-1"]
[WhiteElo "2413"]
[BlackElo "2497"]
[PlyCount "216"]

1. e4 c6 2. d4 d5 3. e5 c5 4. dxc5 Nc6 5. Bb5 e6 6. Qd4 Qa5+ 7. Nc3 Qxb5 8.
Nxb5 Nxd4 9. Nxd4 Bxc5 10. Nb5 Rb8 11. Nd6+ Ke7 12. Nxc8+ Rxc8 13. Nf3 f6 14.
c3 Kf7 15. Ke2 Ne7 16. h4 h5 17. Rd1 Nf5 18. Bf4 Rhd8 19. Rd2 b5 20. a3 a5 21.
Rc1 Rf8 22. Rg1 Ke8 23. exf6 Rxf6 24. Be5 Rf8 25. Re1 a4 26. Kf1 Kd7 27. Rde2
Rfe8 28. Kg1 Be7 29. g3 Rc4 30. Kg2 Rg4 31. Kh3 Rg6 32. Bf4 Bf6 33. Kh2 Rg4 34.
Ne5+ Bxe5 35. Bxe5 Rf8 36. f3 Rg6 37. Kh3 Rf7 38. Rg1 Kc6 39. Kh2 Kb7 40. Rb1
Rf8 41. Rbe1 Kc8 42. Rg1 Kd7 43. Rb1 Kc6 44. Kh3 Rh8 45. Rbe1 Rc8 46. Bf4 Kd7
47. Re5 Rf8 48. R1e2 Rh8 49. Bg5 Nd6 50. R5e3 Nc4 51. Rd3 Kc6 52. Bf4 Rf8 53.
Be5 Rf5 54. Bf4 e5 55. Bg5 Rd6 56. Be7 Re6 57. Bb4 e4 58. fxe4 Rxe4 59. Rc2 Rf1
60. Rd4 Re3 61. Kg2 Rff3 62. Kh2 Rxg3 63. Rc1 Rh3+ 64. Kg2 Ref3 65. Re1 Ne3+
66. Rxe3 Rxe3 67. Be7 Rhg3+ 68. Kf2 Rgf3+ 69. Kg2 Rf5 70. Bb4 Re2+ 71. Kg3 Rf6
72. Rd1 Rg6+ 73. Kf3 Re4 74. Rd4 Rgg4 75. Rd3 Rxh4 76. Kg2 Re2+ 77. Kg3 Rhe4
78. Rf3 Rg4+ 79. Kh3 Rxb2 80. Rf5 Rbg2 81. Re5 g5 82. Re6+ Kc7 83. Bd6+ Kd7 84.
Rh6 h4 85. Bb8 R4g3+ 86. Bxg3 Rxg3+ 87. Kh2 Rxc3 88. Rg6 Rxa3 89. Rxg5 Kd6 90.
Rg6+ Kc5 91. Rg4 h3 92. Rg7 Rb3 93. Rd7 a3 94. Rh7 b4 95. Rc7+ Kb6 96. Rd7 a2
97. Rd6+ Kc5 98. Rd8 a1=Q 99. Rxd5+ Kc4 100. Rc5+ Kd3 101. Rh5 Rb2+ 102. Kg3
Rg2+ 103. Kf4 Qf6+ 104. Rf5 Rf2+ 105. Kg3 Qxf5 106. Kh4 Rf4+ 107. Kg3 Qg4+ 108.
Kh2 Qg2# 0-1

[Event "ICS rated blitz match"]
[Site "204.178.125.65"]
[Date "2000.02.24"]
[Round "?"]
[White "Hossa"]
[Black "Tinker"]
[Result "0-1"]
[WhiteElo "2401"]
[BlackElo "2457"]
[PlyCount "142"]

1. e4 e5 2. Nf3 Nc6 3. Bb5 Bd6 4. O-O Nge7 5. d3 a6 6. Ba4 O-O 7. Be3 b5 8. Bb3
Na5 9. d4 exd4 10. Bxd4 Nxb3 11. axb3 Bf4 12. g3 Bh6 13. Be3 Bxe3 14. fxe3 Bb7
15. Nc3 b4 16. Na2 Bxe4 17. Nxb4 a5 18. Na2 Bxf3 19. Qxf3 d5 20. Nc3 Qd6 21.
Ra4 Ra6 22. Rf4 f6 23. Rf2 Rfa8 24. Qh5 Qe6 25. Rh4 h6 26. e4 c6 27. exd5 cxd5
28. Re2 Qd6 29. Rf4 f5 30. Rf1 Qc5+ 31. Rff2 Rf8 32. Re5 Rd8 33. Qe2 Ra7 34.
Re6 Rb7 35. Na4 Qc7 36. Qe3 d4 37. Qf3 d3 38. cxd3 Rxb3 39. Nc3 Qa7 40. Qe2 Rb7
41. d4 Rbd7 42. Qc4 Kh8 43. Nb5 Qb7 44. Qe2 Rc8 45. Nc3 Kg8 46. Qe3 Rcc7 47.
Re2 Qb4 48. Qe5 Qb7 49. Rf2 a4 50. d5 Rc5 51. Qe3 Ra5 52. Rb6 Qc7 53. Qe6+ Kh8
54. d6 Qxb6 55. Qxd7 Nc6 56. Qe8+ Kh7 57. d7 Qd4 58. Qc8 Rc5 59. Qf8 Re5 60.
Kg2 Qxd7 61. Nxa4 Nd4 62. Nc3 Qc6+ 63. Kh3 Qg6 64. Qb4 Ne6 65. Qb8 Ng5+ 66. Kh4
Nf3+ 67. Kh3 Qg4+ 68. Kg2 Nh4+ 69. Kf1 Qh3+ 70. Kg1 Re1+ 71. Rf1 Rxf1# 0-1

[Event "ICS rated blitz match"]
[Site "204.178.125.65"]
[Date "2000.02.25"]
[Round "?"]
[White "mkarp"]
[Black "Hossa"]
[Result "0-1"]
[WhiteElo "2139"]
[BlackElo "2388"]
[PlyCount "52"]

1. d4 Nf6 2. c4 e6 3. Nc3 Bb4 4. e3 O-O 5. Nf3 d5 6. Bd2 c5 7. a3 Bxc3 8. Bxc3
Ne4 9. Bd3 Nxc3 10. bxc3 dxc4 11. Bxc4 Qa5 12. Qd2 Nc6 13. O-O Rd8 14. Qc2 g6
15. Nd2 Qc7 16. Ne4 Na5 17. Ba2 cxd4 18. exd4 Rxd4 19. Nf6+ Kh8 20. Rfd1 Rh4
21. g3 Rh3 22. Qa4 Nc6 23. Qg4 e5 24. Qg5 Qe7 25. Bd5 Rh5 26. Qxh5 gxh5 0-1

[Event "ICS rated blitz match"]
[Site "204.178.125.65"]
[Date "2000.02.25"]
[Round "?"]
[White "MissSilicon"]
[Black "Hossa"]
[Result "1-0"]
[WhiteElo "2693"]
[BlackElo "2394"]
[PlyCount "135"]

1. d4 Nf6 2. c4 e6 3. Nc3 Bb4 4. Bg5 h6 5. Bh4 c5 6. d5 b5 7. dxe6 fxe6 8. cxb5
d5 9. a3 Bxc3+ 10. bxc3 Qa5 11. Bxf6 gxf6 12. Qd3 Nd7 13. Nf3 Rb8 14. e3 c4 15.
Qc2 e5 16. Nd2 Bb7 17. a4 e4 18. Be2 Rg8 19. O-O Rg5 20. f3 f5 21. f4 Rg7 22.
Qb2 Qb6 23. Bh5+ Kd8 24. Rfe1 Qa5 25. Qa3 Kc7 26. Nf1 Qb6 27. Ng3 Rbg8 28. Ra2
Rf8 29. Rd2 Kc8 30. Kh1 Qf6 31. Rg1 Rfg8 32. Rgd1 Rxg3 33. hxg3 Rxg3 34. Kg1
Rxe3 35. Be8 Rxc3 36. Bxd7+ Kxd7 37. Qc5 Qb6 38. Rxd5+ Bxd5 39. Rxd5+ Ke6 40.
Rxf5 Ra3 41. Kh2 Qxc5 42. Rxc5 Rxa4 43. Re5+ Kf6 44. Rxe4 Kf5 45. Rd4 Kg4 46.
Re4 Rb4 47. Rd4 Rxb5 48. Rxc4 Rh5+ 49. Kg1 Kg3 50. Rc6 a5 51. Rf6 Rb5 52. Kf1
h5 53. Rf7 h4 54. Rf8 Rb2 55. f5 Rf2+ 56. Ke1 Kxg2 57. Rg8+ Kf3 58. f6 Re2+ 59.
Kd1 Rf2 60. f7 Rf1+ 61. Kd2 Ke4 62. f8=Q Rf4 63. Qe7+ Kd5 64. Rg5+ Rf5 65.
Rxf5+ Kc6 66. Rc5+ Kb6 67. Qc7+ Ka6 68. Rxa5# 1-0

[Event "ICS rated blitz match"]
[Site "204.178.125.65"]
[Date "2000.02.25"]
[Round "?"]
[White "Hossa"]
[Black "MissSilicon"]
[Result "0-1"]
[WhiteElo "2389"]
[BlackElo "2698"]
[PlyCount "130"]

1. e4 e5 2. Nf3 Nc6 3. Bb5 a6 4. Ba4 Nf6 5. O-O Be7 6. Re1 b5 7. Bb3 O-O 8. c3
d6 9. h3 Na5 10. Bc2 c5 11. d4 cxd4 12. cxd4 Bb7 13. dxe5 dxe5 14. Nxe5 Bd6 15.
Nf3 Nxe4 16. Bxe4 Bxe4 17. Bg5 Bxf3 18. Bxd8 Bxd1 19. Bxa5 Bc2 20. Nc3 Rfe8 21.
Nd5 Be4 22. Rad1 Bxd5 23. Rxe8+ Rxe8 24. Rxd5 Be5 25. b4 f6 26. g3 Kf7 27. Rd7+
Re7 28. Rd2 Bc3 29. Rd3 Ba1 30. Kf1 Ke6 31. Rd8 Rd7 32. Ra8 Rd6 33. Ke2 f5 34.
f4 Bf6 35. Re8+ Kd5 36. Rh8 Rc6 37. Rxh7 Ke4 38. Kd2 Kf3 39. Rh5 g6 40. Rh6
Bc3+ 41. Kd3 Kxg3 42. h4 Bg7 43. Rh7 Bb2 44. h5 gxh5 45. Rxh5 Kxf4 46. Rh1 Rd6+
47. Kc2 Be5 48. Re1 Rc6+ 49. Kb1 Bc3 50. Re7 Kg4 51. Rf7 f4 52. Rf8 f3 53. Bd8
Bxb4 54. Rg8+ Kf5 55. Rg7 Ba3 56. Rg5+ Kf4 57. Rg1 f2 58. Bg5+ Kf5 59. Rd1 Kxg5
60. Rd5+ Kh4 61. Rd4+ Kh3 62. Rd3+ Kg2 63. Rd1 f1=R 64. Rxf1 Kxf1 65. Ka1 Rc1#
0-1

[Event "ICS rated blitz match"]
[Site "204.178.125.65"]
[Date "2000.02.25"]
[Round "?"]
[White "bibo"]
[Black "Hossa"]
[Result "0-1"]
[WhiteElo "2173"]
[BlackElo "2394"]
[PlyCount "42"]

1. e4 Nf6 2. e5 Nd5 3. Nc3 Nxc3 4. dxc3 d6 5. Bc4 e6 6. Nf3 Be7 7. Bf4 O-O 8.
Qe2 Nd7 9. O-O-O d5 10. Bd3 Nc5 11. h4 Nxd3+ 12. Rxd3 Bd7 13. Ng5 Bb5 14. Qh5
Bxd3 15. cxd3 h6 16. Rh3 c5 17. Nf3 Qa5 18. Kb1 Qa4 19. Bxh6 Qd1+ 20. Bc1 Qxd3+
21. Ka1 Qd1 0-1

[Event "ICS rated blitz match"]
[Site "204.178.125.65"]
[Date "2000.02.25"]
[Round "?"]
[White "Hossa"]
[Black "bibo"]
[Result "1-0"]
[WhiteElo "2401"]
[BlackElo "2166"]
[PlyCount "63"]

1. e4 c5 2. Nf3 d6 3. d4 cxd4 4. Nxd4 Nf6 5. Nc3 a6 6. Bg5 e6 7. f4 Nc6 8. Qd2
h6 9. Bxf6 Qxf6 10. Nf3 Qd8 11. O-O-O Qc7 12. f5 Bd7 13. fxe6 fxe6 14. Bd3
O-O-O 15. Qf2 Kb8 16. Rhf1 Be7 17. Bc4 Rhf8 18. Qg3 g5 19. Qh3 Rf6 20. Nd2 Rdf8
21. Rxf6 Rxf6 22. Rf1 Ne5 23. Rxf6 Nxc4 24. Rf7 e5 25. Qxh6 Qc5 26. Nxc4 Qxc4
27. Rxe7 Qf1+ 28. Nd1 Qf4+ 29. Kb1 Qd2 30. Qf8+ Ka7 31. Qf2+ Kb8 32. Qxd2 1-0

[Event "ICS rated blitz match"]
[Site "204.178.125.65"]
[Date "2000.02.25"]
[Round "?"]
[White "Hossa"]
[Black "WaveParticle"]
[Result "1/2-1/2"]
[WhiteElo "2408"]
[BlackElo "2207"]
[PlyCount "191"]

1. d4 d6 2. c4 g6 3. e4 Bg7 4. Nf3 Nf6 5. Nc3 O-O 6. Bg5 h6 7. Bh4 c6 8. Be2
Bg4 9. h3 Bxf3 10. gxf3 Nbd7 11. Qb3 b6 12. O-O-O Kh7 13. Rhg1 a5 14. f4 Qc7
15. Qc2 e5 16. fxe5 dxe5 17. Bg3 Rae8 18. dxe5 Nxe5 19. f4 Ned7 20. e5 Ng8 21.
h4 Nc5 22. h5 Ne7 23. hxg6+ fxg6 24. Rh1 Nf5 25. Bf2 Qe7 26. Bf3 Rc8 27. Ne2 a4
28. Qc3 Rfd8 29. Nd4 Nxd4 30. Rxd4 Rxd4 31. Bxd4 Qe6 32. Bxc5 bxc5 33. Rh4 Rd8
34. Be2 Qe7 35. Rh3 Qf7 36. Qg3 Rd4 37. Rh4 Qf5 38. Rg4 h5 39. Rg5 Qxf4+ 40.
Qxf4 Rxf4 41. Rg1 Re4 42. Bd3 Rg4 43. Rxg4 hxg4 44. e6 Bf6 45. Be2 g3 46. Bf3
Kh6 47. Bxc6 Kg5 48. Kc2 Kf4 49. b3 axb3+ 50. axb3 Ke3 51. b4 cxb4 52. c5 Kd4
53. Bg2 Kxc5 54. Kd3 Kd6 55. Kc4 Bc3 56. Bh3 Ke7 57. Kd3 g5 58. Ke2 b3 59. Kf3
b2 60. Bf5 Be5 61. Kg2 Kf6 62. e7 Kxe7 63. Be4 Kd6 64. Kf3 Kc5 65. Bb1 Kd4 66.
Bf5 Kc3 67. Ke2 Bd4 68. Kf3 Bf2 69. Ke2 Bd4 70. Kf3 Be5 71. Ke2 Bf4 72. Bg6 Kd4
73. Bb1 Ke5 74. Kf3 Kd4 75. Ke2 Be3 76. Kf3 Bf2 77. Bg6 Kc3 78. Ke2 g4 79. Kf1
Kd2 80. Bf5 Kc1 81. Bxg4 b1=Q 82. Bc8 Qd3+ 83. Kg2 Qe3 84. Bb7 Kd2 85. Bd5 Qe1
86. Kh3 Qg1 87. Kg4 g2 88. Kf3 Be3 89. Ke4 Qf2 90. Ke5 g1=Q 91. Ke6 Qg5 92. Kd6
Qff6+ 93. Be6 Qgg7 94. Kd5 Qge7 95. Bc8 Qed6+ 96. Kc4 1/2-1/2

[Event "ICS rated blitz match"]
[Site "204.178.125.65"]
[Date "2000.02.25"]
[Round "?"]
[White "WaveParticle"]
[Black "Hossa"]
[Result "0-1"]
[WhiteElo "2232"]
[BlackElo "2405"]
[PlyCount "96"]

1. c4 e5 2. Nc3 Nf6 3. e4 Bc5 4. g3 Nc6 5. Bg2 d6 6. h3 O-O 7. Nge2 Be6 8. d3
Re8 9. O-O Rf8 10. Kh2 Nd4 11. f4 c6 12. f5 Nxe2 13. Nxe2 Bc8 14. g4 Re8 15.
Ng3 Nd7 16. g5 f6 17. g6 Nf8 18. Qh5 Bd7 19. gxh7+ Nxh7 20. Qg6 Re7 21. Nh5 Be8
22. Qg4 Rd7 23. Bf3 Bd4 24. Rb1 Qa5 25. a3 Rad8 26. b4 Qa6 27. Ng3 b5 28. cxb5
Qxb5 29. Be2 Qa6 30. Qh4 Bf7 31. Bb2 Bxb2 32. Rxb2 Qxa3 33. Rbb1 Rb8 34. Rf2
Ba2 35. Rg1 Qxb4 36. Rfg2 Ng5 37. Nh5 Qd4 38. Rxg5 fxg5 39. Qxg5 Rbb7 40. Nf6+
Kf8 41. Nxd7+ Rxd7 42. f6 Qf2+ 43. Kh1 Qxe2 44. fxg7+ Kg8 45. Qf5 Rd8 46. Qg5
Qf3+ 47. Rg2 Qxh3+ 48. Kg1 Rb8 0-1

[Event "ICS rated blitz match"]
[Site "204.178.125.65"]
[Date "2000.02.25"]
[Round "?"]
[White "Hossa"]
[Black "WaveParticle"]
[Result "1-0"]
[WhiteElo "2408"]
[BlackElo "2207"]
[PlyCount "139"]

1. e4 c5 2. Nf3 Nc6 3. d4 cxd4 4. Nxd4 Nf6 5. Nc3 e6 6. Nxc6 bxc6 7. e5 Nd5 8.
Ne4 f5 9. exf6 Nxf6 10. Nd6+ Bxd6 11. Qxd6 Qe7 12. Bf4 Qxd6 13. Bxd6 Ne4 14.
Be5 O-O 15. f3 Nf6 16. O-O-O d5 17. Re1 Nd7 18. Bd6 Rf6 19. Bd3 Nb6 20. Re2 Bd7
21. Rhe1 Nc8 22. Bc5 Nb6 23. b3 Re8 24. a4 Nc8 25. Re5 Rf7 26. a5 g6 27. b4 Rg7
28. Kd2 Rf7 29. Kc3 Rd8 30. R1e3 Re8 31. g3 Rg7 32. a6 Nb6 33. Bd4 Rf7 34. Kd2
Bc8 35. Ke2 Na8 36. Kf2 Nc7 37. Bxa7 Bxa6 38. Bb6 Bxd3 39. Rxd3 Nb5 40. Rde3
Rb7 41. Bc5 Kf7 42. h4 Nc7 43. Ra3 Nb5 44. Ra6 Rc7 45. Ke3 Kf6 46. f4 Kf7 47.
Kd3 Rd8 48. Bb6 Rdd7 49. Bxc7 Rxc7 50. Ra8 c5 51. Ra5 c4+ 52. Kd2 Nd6 53. Ke1
Ne4 54. g4 Nd6 55. Ra6 Rd7 56. h5 Ke7 57. Ke2 Kf7 58. Ra8 Ne4 59. hxg6+ hxg6
60. Ra6 Re7 61. Ke3 Nc3 62. Kf3 Ne4 63. b5 Nc3 64. b6 d4 65. Ra8 d3 66. cxd3
cxd3 67. Ke3 Rd7 68. Ra7 Nd5+ 69. Rxd5 Rxa7 70. bxa7 1-0

[Event "ICS rated blitz match"]
[Site "204.178.125.65"]
[Date "2000.02.25"]
[Round "?"]
[White "Kemet"]
[Black "Hossa"]
[Result "1-0"]
[WhiteElo "2200"]
[BlackElo "2411"]
[PlyCount "75"]

1. c4 Nf6 2. Nc3 e6 3. e4 d5 4. cxd5 exd5 5. e5 Ne4 6. d4 Bb4 7. Bd2 Nxd2 8.
Qxd2 O-O 9. a3 Ba5 10. f4 c6 11. Nf3 Bg4 12. Be2 Re8 13. O-O Nd7 14. h3 Bxf3
15. Rxf3 Qh4 16. Kh2 Bb6 17. b4 a6 18. Rg3 Rad8 19. Rf1 Ba7 20. Rg4 Qh6 21. Rg5
Nb6 22. Rh5 Qe6 23. f5 Qc8 24. f6 gxf6 25. Qh6 Rxe5 26. dxe5 Nd7 27. exf6 Qc7+
28. Kh1 Qg3 29. Rg5+ Qxg5 30. Qxg5+ Kf8 31. Bh5 Ra8 32. Re1 Be3 33. Rxe3 Nxf6
34. Qxf6 Kg8 35. Bxf7+ Kf8 36. Bg6+ Kg8 37. Qf7+ Kh8 38. Qxh7# 1-0